مكتبة جامعة عجلون الوطنية

فهرس بحث المكتبة

The practice of construcation management (Record no. 2185)

MARC details
000 -LEADER
fixed length control field 00779nam a2200265Ii 4500
003 - CONTROL NUMBER IDENTIFIER
control field JO-AjNU
005 - DATE AND TIME OF LATEST TRANSACTION
control field 20240602101701.0
008 - FIXED-LENGTH DATA ELEMENTS--GENERAL INFORMATION
fixed length control field 230606s9999||||xx |||||||||||||| ||und||
020 ## - INTERNATIONAL STANDARD BOOK NUMBER
International Standard Book Number 978-1-4051-1110-2
040 ## - CATALOGING SOURCE
Original cataloging agency JO-AjNU
Language of cataloging eng
Description conventions rda
Transcribing agency JO-AjNU
041 ## - LANGUAGE CODE
Language code of text/sound track or separate title eng
050 14 - LIBRARY OF CONGRESS CALL NUMBER
Classification number HD9715.A2.F59 2009
100 3# - MAIN ENTRY--PERSONAL NAME
Personal name Fryer , Barry ,
Relator term author
9 (RLIN) 4204
245 04 - TITLE STATEMENT
Title The practice of construcation management
250 ## - EDITION STATEMENT
Edition statement 4 ed
264 31 - PRODUCTION, PUBLICATION, DISTRIBUTION, MANUFACTURE, AND COPYRIGHT NOTICE
Place of production, publication, distribution, manufacture Australia :Blackwell , 2009
300 ## - PHYSICAL DESCRIPTION
Extent 350p
336 ## - CONTENT TYPE
Content type term text
Content type code txt
Source rdacontent
337 ## - MEDIA TYPE
Media type term unmediated
Media type code n
Source rdamedia
338 ## - CARRIER TYPE
Carrier type term volume
Carrier type code nc
Source rdacarrier
650 #4 - SUBJECT ADDED ENTRY--TOPICAL TERM
Topical term or geographic name entry element The practice of construcation management
9 (RLIN) 4205
700 #1 - ADDED ENTRY--PERSONAL NAME
Personal name Ellis, Robert
9 (RLIN) 65437
Relator term author
700 #1 - ADDED ENTRY--PERSONAL NAME
Personal name Gorse, Christopher
9 (RLIN) 65438
Relator term author
942 ## - ADDED ENTRY ELEMENTS (KOHA)
Source of classification or shelving scheme Library of Congress Classification
Koha item type Books

No items available.